| 000 | 00760nam a2200169Ia 4500 | ||
|---|---|---|---|
| 003 | GCL | ||
| 005 | 20240530105043.0 | ||
| 008 | 140319s9999 xx 000 0 ara d | ||
| 040 |
_aGCL / _cGCL |
||
| 082 | 0 | 4 |
_a227 _bج ا |
| 100 | 1 | _aالسيوطى : جلال الدين ابوالفضل عبدالرحمن بن ابى بكر بن محمد الخضيرى | |
| 245 | 1 | 0 |
_aالدر المنثور فى التفسير الماثور : _bوهو مختصر تفسير ترجمان القران / _cالسيوطى : جلال الدين ابوالفضل عبدالرحمن بن ابى بكر بن محمد الخضيرى |
| 260 |
_a[S.N] : _b2000 للثقافة والنشر ، _c1990 |
||
| 300 | _a680 ص | ||
| 650 | 0 | 4 | _aالقران - تفسير |
| 942 |
_2ddc _cBK |
||
| 999 |
_c52795 _d52795 |
||